[Event "C.to Provinciale MO 2011"]
[Site "Modena ITA"]
[Date "2010.12.11"]
[Round "2"]
[White "Rovatti, Guido"]
[Black "Setti, Roberto"]
[Result "1/2-1/2"]
[WhiteElo "1695"]
[BlackElo "1901"]
[PlyCount "65"]
[EventDate "2010.12.10"]

1. d4 e6 2. c4 Nf6 3. e3 Be7 4. Bd3 O-O 5. Nf3 b6 6. e4 d5 7. cxd5 exd5 8. e5
Ne4 9. O-O c5 10. Nc3 Bb7 11. Re1 cxd4 12. Nxe4 dxe4 13. Bxe4 Bxe4 14. Rxe4 Bc5
15. b4 Bxb4 16. Rxd4 Qe7 17. Bg5 Qc5 18. Rc1 Qa5 19. Qb3 Na6 20. a3 Qxa3 21.
Qxa3 Bxa3 22. Ra1 Bb2 23. Rxa6 Bxd4 24. Nxd4 f6 25. exf6 gxf6 26. Bh4 Rfc8 27.
f4 Rc4 28. Bxf6 Kf7 29. Be5 Rc5 30. Bd6 Rd5 31. Be5 Rc5 32. Bd6 Rd5 33. Be5
1/2-1/2

[Event "C.to Provinciale MO 2011"]
[Site "Modena ITA"]
[Date "2010.12.11"]
[Round "2"]
[White "Simonini, Mattia"]
[Black "Molinari, Enzo"]
[Result "0-1"]
[WhiteElo "1778"]
[BlackElo "1422"]
[PlyCount "80"]
[EventDate "2010.12.10"]

1. d4 Nf6 2. c4 e5 3. e3 exd4 4. exd4 d5 5. b3 Nc6 6. Ne2 Bg4 7. c5 b6 8. cxb6
axb6 9. a3 Bd6 10. g3 Bf3 11. Rg1 Qe7 12. Bb2 O-O 13. Qc2 Na5 14. Nd2 Be4 15.
Nxe4 Qxe4 16. O-O-O Rfe8 17. Nc3 Qxc2+ 18. Kxc2 c6 19. Bh3 Nb7 20. b4 Re7 21.
Rge1 Rae8 22. Rxe7 Rxe7 23. Bc1 h6 24. Na4 Bc7 25. Be3 Ne4 26. Kd3 Nbd6 27. f3
Nf6 28. Nb2 b5 29. Re1 Nc4 30. Nxc4 dxc4+ 31. Kd2 Nd5 32. Bf2 g5 33. Rxe7 Nxe7
34. Be3 f5 35. f4 gxf4 36. Bxf4 Bxf4+ 37. gxf4 Kg7 38. Kc3 Nd5+ 39. Kc2 Kf6 40.
Bg2 Ne3+ 0-1

[Event "C.to Provinciale MO 2011"]
[Site "Modena ITA"]
[Date "2010.12.11"]
[Round "2"]
[White "Vincenzi, Marco"]
[Black "Del Gaiso, Massimo"]
[Result "1-0"]
[WhiteElo "2097"]
[BlackElo "1777"]
[PlyCount "79"]
[EventDate "2010.12.10"]

1. e4 d5 2. exd5 c6 3. dxc6 Nxc6 4. Nc3 Nf6 5. Nf3 Bg4 6. h3 Bh5 7. g4 Bg6 8.
Bg2 e6 9. d3 Bb4 10. Bd2 a6 11. a3 Bd6 12. Qe2 Qb6 13. g5 Nh5 14. O-O O-O 15.
Ne4 Bxe4 16. Qxe4 Ng3 17. Be3 Ne2+ 18. Kh1 Qxb2 19. Qc4 Bxa3 20. Rfb1 Qc3 21.
Qxc3 Nxc3 22. Rxa3 Nxb1 23. Rb3 Na3 24. Rxa3 Nb4 25. Bc5 Nxc2 26. Bxf8 Kxf8 27.
Rc3 Nb4 28. Ne5 Nd5 29. Bxd5 exd5 30. Rc7 b5 31. Rxf7+ Kg8 32. Rd7 b4 33. Rxd5
b3 34. Nc4 a5 35. Kg2 a4 36. Na3 Rb8 37. Rd4 b2 38. Rxa4 b1=Q 39. Nxb1 Rxb1 40.
Rf4 1-0

[Event "C.to Provinciale MO 2011"]
[Site "Modena ITA"]
[Date "2010.12.11"]
[Round "2"]
[White "Wang, Cesare"]
[Black "Carbone, Jacopo"]
[Result "1/2-1/2"]
[WhiteElo "1488"]
[BlackElo "1392"]
[PlyCount "72"]
[EventDate "2010.12.10"]

1. e4 e5 2. Nf3 Nc6 3. Bc4 Bc5 4. d3 h6 5. O-O d6 6. h3 Nd4 7. Be3 Nxf3+ 8.
Qxf3 Nf6 9. Bxc5 dxc5 10. Nc3 O-O 11. Rfe1 Re8 12. Rad1 Be6 13. a3 Re7 14. b3
Bxc4 15. dxc4 Qe8 16. Nd5 Nxd5 17. cxd5 c6 18. Rd3 cxd5 19. Rxd5 b6 20. c4 Rd8
21. a4 a5 22. Qd3 Red7 23. Qd2 Qe6 24. Re3 Qc6 25. Rg3 g5 26. Rgd3 Rxd5 27.
Rxd5 Re8 28. f3 Qf6 29. Rd6 Qf4 30. Qxf4 exf4 31. Rxb6 Kg7 32. Ra6 Rd8 33. Kh2
Rd3 34. Rxa5 Rxb3 35. Rxc5 Rb4 36. Ra5 Rxc4 1/2-1/2

[Event "C.to Provinciale MO 2011"]
[Site "Modena ITA"]
[Date "2010.12.11"]
[Round "2"]
[White "Zuccaro, Guido"]
[Black "Menduni, Alessandro"]
[Result "1-0"]
[WhiteElo "1720"]
[BlackElo "1446"]
[PlyCount "77"]
[EventDate "2010.12.10"]

1. c4 c6 2. Nc3 Nf6 3. d4 d5 4. Nf3 e6 5. Bg5 Bb4 6. e3 Qa5 7. Qc2 Bd7 8. Bd3
c5 9. O-O Ba4 10. Qxa4+ Qxa4 11. Nxa4 cxd4 12. Nxd4 e5 13. Nb5 Na6 14. Bxf6
gxf6 15. cxd5 Rd8 16. Nxa7 Rxd5 17. Bxa6 bxa6 18. a3 Ba5 19. b4 Bc7 20. Rfc1
Kd7 21. Nc5+ Ke7 22. Nxa6 Rd7 23. Rxc7 Rhd8 24. Rxd7+ Rxd7 25. Nc6+ Ke6 26.
Nc5+ Kd6 27. Nxd7 Kxd7 28. b5 Kc7 29. Kf1 Kb6 30. a4 h5 31. Ke2 h4 32. Nd8 f5
33. Nxf7 f4 34. Nxe5 f3+ 35. Nxf3 h3 36. gxh3 Ka5 37. Kd3 Kb6 38. Kd4 Ka5 39.
Ne5 1-0

[Event "C.to Provinciale MO 2011"]
[Site "Modena ITA"]
[Date "2010.12.11"]
[Round "3"]
[White "Cambi, Enrico"]
[Black "Simonini, Mattia"]
[Result "1/2-1/2"]
[WhiteElo "1557"]
[BlackElo "1778"]
[PlyCount "46"]
[EventDate "2010.12.10"]

1. e4 c6 2. d4 d5 3. e5 Bf5 4. Nf3 e6 5. Be2 Nd7 6. O-O c5 7. c4 Ne7 8. Nc3
dxc4 9. Nb5 Nc6 10. Bf4 Nb6 11. Be3 cxd4 12. Nbxd4 Nxd4 13. Bxd4 Rc8 14. Bxb6
Qxb6 15. Qa4+ Rc6 16. Bxc4 a6 17. Bb3 Bc5 18. Rad1 O-O 19. Nd4 Bxd4 20. Rxd4
Rd8 21. Rxd8+ Qxd8 22. Rd1 Qc7 23. Qd4 h6 1/2-1/2

[Event "C.to Provinciale MO 2011"]
[Site "Modena ITA"]
[Date "2010.12.11"]
[Round "3"]
[White "Carletti, Davide M."]
[Black "Dionigi, Riccardo"]
[Result "0-1"]
[WhiteElo "1685"]
[BlackElo "1809"]
[PlyCount "82"]
[EventDate "2010.12.10"]

1. e4 e5 2. Nf3 Nc6 3. Bc4 Bc5 4. c3 Nf6 5. d3 O-O 6. O-O d5 7. exd5 Nxd5 8.
Re1 Nb6 9. Bb3 Bg4 10. Nbd2 Qxd3 11. Bc2 Bxf3 12. Nxf3 Qxd1 13. Bxd1 f6 14.
Bb3+ Kh8 15. Bd2 Rad8 16. Rad1 Na5 17. Bc2 Nac4 18. Bc1 Be7 19. Nh4 Nd6 20. Re3
f5 21. Nf3 e4 22. Ne5 Bf6 23. Ng6+ hxg6 24. Rxd6 cxd6 25. Bb3 d5 26. Rg3 g5 27.
Bxg5 Bxg5 28. Rxg5 Nc4 29. Bd1 Nxb2 30. Bh5 Rf6 31. h4 Kh7 32. Kh2 Na4 33. Bd1
Nxc3 34. Bb3 a5 35. Kh1 a4 36. Rg3 Ne2 37. Re3 axb3 38. Rxe2 bxa2 39. Rxa2 d4
40. Rd2 d3 41. g3 Rc6 0-1

[Event "C.to Provinciale MO 2011"]
[Site "Modena ITA"]
[Date "2010.12.11"]
[Round "3"]
[White "Del Gaiso, Massimo"]
[Black "Minelli, Giancarlo"]
[Result "1-0"]
[WhiteElo "1777"]
[BlackElo "1386"]
[PlyCount "37"]
[EventDate "2010.12.10"]

1. e4 e5 2. d4 c6 3. dxe5 Qa5+ 4. Nc3 Qxe5 5. Nf3 Qc7 6. Bc4 Be7 7. Qd4 Nf6 8.
O-O c5 9. Nd5 Qc6 10. Qd3 d6 11. Nxe7 Kxe7 12. e5 Ne4 13. Bd5 Nxf2 14. Rxf2 Qb6
15. Bg5+ f6 16. exf6+ gxf6 17. Qe4+ Kf8 18. Bxf6 Nd7 19. Qe7# 1-0

[Event "C.to Provinciale MO 2011"]
[Site "Modena ITA"]
[Date "2010.12.11"]
[Round "3"]
[White "Ferraguti, Francesco"]
[Black "Di Trapani, Luigi"]
[Result "1-0"]
[WhiteElo "1790"]
[BlackElo "1610"]
[PlyCount "89"]
[EventDate "2010.12.10"]

1. d4 d6 2. c4 c6 3. Nc3 Nf6 4. Nf3 Bg4 5. e4 Nbd7 6. h3 Bxf3 7. Qxf3 e5 8. Be3
Qc7 9. d5 c5 10. Bd3 a6 11. Qe2 g6 12. g4 Bg7 13. h4 h5 14. g5 Ng8 15. O-O-O
O-O-O 16. Qc2 f6 17. Rdg1 Nf8 18. f4 Kb8 19. f5 Ne7 20. gxf6 Bxf6 21. Bg5 Bxg5+
22. hxg5 Nc8 23. Be2 Qf7 24. Qd3 Nd7 25. fxg6 Qxg6 26. Qh3 h4 27. Qg4 Kc7 28.
Rxh4 Rxh4 29. Qxh4 Rg8 30. Qg4 Ne7 31. Qh4 Nf8 32. Bh5 Qh7 33. Qh3 Nfg6 34. Bg4
Qxh3 35. Bxh3 Nf4 36. Bf1 Rg6 37. Kd2 Ng8 38. Ne2 Nxe2 39. Bxe2 Ne7 40. Ke3 Kd7
41. Bg4+ Ke8 42. Bh5 Kf7 43. Rf1+ Kg7 44. Bxg6 Kxg6 45. Rf6+ 1-0

[Event "C.to Provinciale MO 2011"]
[Site "Modena ITA"]
[Date "2010.12.11"]
[Round "3"]
[White "Franchini, Gabriele"]
[Black "Zuccaro, Guido"]
[Result "1-0"]
[WhiteElo "2159"]
[BlackElo "1720"]
[PlyCount "93"]
[EventDate "2010.12.10"]

1. e4 e6 2. d4 d5 3. Nc3 Bb4 4. Nge2 c5 5. dxc5 Nf6 6. Be3 Nxe4 7. Qd4 Bxc3+ 8.
Nxc3 Nf6 9. O-O-O O-O 10. Qh4 Qa5 11. g4 Nc6 12. g5 Nd7 13. Rg1 Nde5 14. Rg3
Ng6 15. Qh5 Rd8 16. Rh3 d4 17. Qxh7+ Kf8 18. Rf3 Nge5 19. Qh8+ Ke7 20. Qxg7
Nxf3 21. Qf6+ Ke8 22. g6 fxg6 23. Qxg6+ Ke7 24. Qg7+ Ke8 25. Ne4 Rd7 26. Nf6+
Kd8 27. Nxd7 Bxd7 28. Qf8+ Kc7 29. Qd6+ Kc8 30. Bc4 Nfe5 31. Bxe6 Bxe6 32.
Qxe6+ Kc7 33. Qd6+ Kc8 34. Bf4 Qc7 35. Qe6+ Qd7 36. Qg8+ Qd8 37. Rg1 b6 38.
Qe6+ Qd7 39. Qf6 Qe8 40. Rg7 d3 41. Bxe5 Nxe5 42. Re7 d2+ 43. Kd1 Qh5+ 44. Kxd2
Nf3+ 45. Kc1 Qg5+ 46. Qxg5 Nxg5 47. Re8+ 1-0

[Event "C.to Provinciale MO 2011"]
[Site "Modena ITA"]
[Date "2010.12.11"]
[Round "3"]
[White "Megli, Massimo"]
[Black "Rovatti, Guido"]
[Result "1-0"]
[WhiteElo "1684"]
[BlackElo "1695"]
[PlyCount "53"]
[EventDate "2010.12.10"]

1. e4 c5 2. Nf3 Nc6 3. Be2 g6 4. c3 Bg7 5. d4 cxd4 6. cxd4 d6 7. O-O Qb6 8. d5
Ne5 9. Nc3 Nxf3+ 10. Bxf3 Nf6 11. Qe2 O-O 12. Be3 Qd8 13. Rac1 Bd7 14. Nb5 Bxb5
15. Qxb5 b6 16. Rc6 Nd7 17. Rfc1 a6 18. Qe2 Nc5 19. b4 Na4 20. Bg4 f5 21. exf5
gxf5 22. Bh3 b5 23. Bg5 Nb2 24. Qe6+ Kh8 25. Bxe7 Qe8 26. Bxf8 Qxe6 27. Bxg7+
1-0

[Event "C.to Provinciale MO 2011"]
[Site "Modena ITA"]
[Date "2010.12.11"]
[Round "3"]
[White "Menduni, Alessandro"]
[Black "Mantovani, Enrico"]
[Result "0-1"]
[WhiteElo "1446"]
[BlackElo "1745"]
[PlyCount "82"]
[EventDate "2010.12.10"]

1. e4 c6 2. Nc3 d5 3. Nf3 Bg4 4. h3 Bh5 5. g4 Bg6 6. d3 e6 7. Bf4 Bd6 8. e5 Bb4
9. Qd2 d4 10. Be2 c5 11. h4 h6 12. a3 dxc3 13. bxc3 Ba5 14. O-O Nc6 15. Rfb1 b6
16. Nh2 Nd4 17. Be3 Nxe2+ 18. Qxe2 Bxc3 19. Ra2 Qd5 20. Rb3 Bxe5 21. c4 Bxh2+
22. Kxh2 Qd6+ 23. f4 O-O-O 24. Qf3 Kc7 25. Kg2 Qc6 26. Qxc6+ Kxc6 27. f5 exf5
28. g5 f4 29. Bxf4 Rxd3 30. Rxd3 Bxd3 31. Rd2 hxg5 32. Bxg5 Bxc4 33. Rd8 f6 34.
Bf4 Rxh4 35. Rxg8 Bxg8 36. Bg3 Bd5+ 37. Kf2 Ra4 38. Ke3 Rxa3+ 39. Kf4 g5+ 40.
Kg4 Be6+ 41. Kh5 Rxg3 0-1

[Event "C.to Provinciale MO 2011"]
[Site "Modena ITA"]
[Date "2010.12.11"]
[Round "3"]
[White "Molinari, Enzo"]
[Black "Di Trapani, Davide"]
[Result "0-1"]
[WhiteElo "1422"]
[BlackElo "2000"]
[PlyCount "78"]
[EventDate "2010.12.10"]

1. Nf3 d5 2. d4 Nf6 3. Bf4 e6 4. e3 Be7 5. c4 O-O 6. Nc3 c6 7. h3 Nbd7 8. cxd5
exd5 9. Be2 Re8 10. O-O Nf8 11. Bg5 Bd6 12. Bd3 h6 13. Bxf6 Qxf6 14. Ne2 Bxh3
15. gxh3 Qxf3 16. Ng3 Qxd1 17. Raxd1 Bxg3 18. fxg3 Rxe3 19. Kg2 Rae8 20. Rd2
Ne6 21. Bf5 Ng5 22. h4 Ne4 23. Bxe4 R8xe4 24. Rdf2 f6 25. Rd2 Kf7 26. Kf2 Kg6
27. h5+ Kxh5 28. Rh1+ Kg5 29. Rh4 Re1 30. Rxe4 Rxe4 31. Kf3 f5 32. b4 f4 33.
gxf4+ Rxf4+ 34. Ke3 h5 35. a4 h4 36. b5 cxb5 37. axb5 a6 38. b6 Rf6 39. Rg2+
Kh5 0-1

[Event "C.to Provinciale MO 2011"]
[Site "Modena ITA"]
[Date "2010.12.11"]
[Round "3"]
[White "Petrella, Simone"]
[Black "Ballista, Massimiliano"]
[Result "0-1"]
[WhiteElo "1413"]
[BlackElo "1613"]
[PlyCount "110"]
[EventDate "2010.12.10"]

1. e4 e5 2. Nf3 Nc6 3. Bc4 Nf6 4. Nc3 Nxe4 5. Nxe4 d5 6. Bxd5 Qxd5 7. Nc3 Qd8
8. d3 Bd6 9. Be3 O-O 10. Qd2 f5 11. Qe2 f4 12. Bd2 Bg4 13. Ne4 Nd4 14. Qd1 a5
15. c3 Ne6 16. Qb3 Qc8 17. Nfg5 Kh8 18. f3 Bf5 19. g4 Bxe4 20. Nxe4 Nc5 21.
Nxc5 Bxc5 22. Qd5 Bd6 23. h4 b6 24. h5 h6 25. Qe4 Be7 26. Qxe5 Qb7 27. Rh3 Rad8
28. d4 Bf6 29. Qb5 Rfe8+ 30. Kf2 c6 31. Qd3 c5 32. Bxf4 cxd4 33. cxd4 Rxd4 34.
Qg6 Qe7 35. Kg3 Rxf4 36. Qd3 Rd4 37. Qb5 Qe5+ 38. Qxe5 Rxe5 39. Rh2 Kg8 40. Rc1
Rc5 41. Rxc5 bxc5 42. Rc2 c4 43. Kg2 Kf7 44. Kf2 Ke6 45. b3 c3 46. Ke3 Kd5 47.
Rxc3 Rxg4 48. fxg4 Bxc3 49. Kd3 Bb4 50. a4 Ke5 51. Ke3 Kf6 52. Kf4 g6 53. hxg6
Kxg6 54. Kg3 Kg5 55. Kf3 Bd6 0-1

[Event "C.to Provinciale MO 2011"]
[Site "Modena ITA"]
[Date "2010.12.11"]
[Round "3"]
[White "Sacchetti, Andrea"]
[Black "Filieri, Emily"]
[Result "1-0"]
[WhiteElo "1742"]
[BlackElo "1356"]
[PlyCount "57"]
[EventDate "2010.12.10"]

1. d4 d5 2. c4 Be6 3. Nc3 dxc4 4. e4 Nf6 5. d5 Bg4 6. Qa4+ c6 7. Bxc4 e6 8.
dxe6 fxe6 9. h3 Bh5 10. Bxe6 Nxe4 11. Qxe4 Bc5 12. Bg4+ Be7 13. Bxh5+ g6 14.
Be2 Nd7 15. Bg5 Nc5 16. Qxe7+ Qxe7 17. Bxe7 Kxe7 18. Nf3 Nd3+ 19. Bxd3 Rad8 20.
Bc2 Rhe8 21. O-O Kf6 22. Rfe1 Re7 23. Ne4+ Rxe4 24. Rxe4 h5 25. Rae1 b5 26.
Re6+ Kg7 27. Re7+ Kh6 28. R1e6 c5 29. Rxg6# 1-0

[Event "C.to Provinciale MO 2011"]
[Site "Modena ITA"]
[Date "2010.12.11"]
[Round "3"]
[White "Setti, Roberto"]
[Black "De Biaggi, Paolo"]
[Result "1/2-1/2"]
[WhiteElo "1901"]
[BlackElo "1884"]
[PlyCount "56"]
[EventDate "2010.12.10"]

1. d4 c5 2. d5 e5 3. c4 d6 4. Nc3 f5 5. g3 Be7 6. Bg2 Nf6 7. Nh3 O-O 8. O-O h6
9. Qc2 Na6 10. Bd2 Nc7 11. a4 a6 12. f3 Qe8 13. Nf2 Qf7 14. e4 fxe4 15. f4 exf4
16. Bxf4 Bf5 17. Nfxe4 Nce8 18. Rae1 Rd8 19. Qb3 Rd7 20. Nxf6+ Bxf6 21. Ne4
Bxe4 22. Rxe4 Re7 23. Qc2 g5 24. Bh3 Qh5 25. Rxe7 Bxe7 26. Be6+ Kg7 27. Bd2
Rxf1+ 28. Kxf1 Qf3+ 1/2-1/2

[Event "C.to Provinciale MO 2011"]
[Site "Modena ITA"]
[Date "2010.12.11"]
[Round "3"]
[White "Tazzioli, Luca"]
[Black "Vincenzi, Marco"]
[Result "0-1"]
[WhiteElo "1673"]
[BlackElo "2097"]
[PlyCount "108"]
[EventDate "2010.12.10"]

1. e4 e5 2. Nf3 Nc6 3. Bb5 a6 4. Bxc6 dxc6 5. d4 exd4 6. Qxd4 Qxd4 7. Nxd4 Bd7
8. Nc3 O-O-O 9. Be3 Re8 10. O-O-O Bb4 11. Nde2 f5 12. exf5 Bxf5 13. a3 Bd6 14.
Rhe1 Nf6 15. h3 Re7 16. g4 Bg6 17. Nf4 Bf7 18. Bd2 Rhe8 19. Nd3 Nd5 20. Rxe7
Rxe7 21. Re1 Rxe1+ 22. Bxe1 h5 23. Bd2 Kd7 24. f4 Nb6 25. Ne5+ Bxe5 26. fxe5
Nc4 27. Bf4 hxg4 28. hxg4 Bg6 29. e6+ Kxe6 30. Bxc7 Ne3 31. Na4 Kd5 32. Bb6
Nxg4 33. Nc5 Ne3 34. Nxb7 Nxc2 35. Na5 Ne1 36. Kd2 Nf3+ 37. Kc3 Bf5 38. Nc4 g5
39. Ne3+ Ke4 40. Nxf5 Kxf5 41. Bf2 g4 42. Bg3 Ng5 43. Kb4 Ne4 44. Bc7 Ke6 45.
Ka5 Nd6 46. Kxa6 g3 47. Bb6 Kd5 48. Bg1 Nc4 49. a4 Nxb2 50. a5 Nc4 51. Ba7 c5
52. Bb8 Nd6 53. Kb6 g2 54. a6 g1=Q 0-1

[Event "C.to Provinciale MO 2011"]
[Site "Modena ITA"]
[Date "2010.12.11"]
[Round "3"]
[White "Venturelli, Giuseppe"]
[Black "Garofalo, Sergio"]
[Result "0-1"]
[WhiteElo "1677"]
[BlackElo "1805"]
[PlyCount "78"]
[EventDate "2010.12.10"]

1. d4 Nf6 2. c4 e5 3. e3 exd4 4. exd4 Bb4+ 5. Bd2 Qe7+ 6. Be2 O-O 7. a3 Bxd2+
8. Nxd2 Re8 9. Nb3 a5 10. d5 d6 11. Nd4 c5 12. Nb5 Na6 13. Nc3 Bf5 14. Nf3 h6
15. O-O Nc7 16. Re1 Qd7 17. h3 Re7 18. Bd3 Rxe1+ 19. Nxe1 Re8 20. Qc2 Bxh3 21.
gxh3 Qxh3 22. Bf5 Ng4 23. Bxg4 Qxg4+ 24. Ng2 Re5 25. Qd3 Rg5 26. Qe4 Qh3 27.
Rb1 f5 28. f4 fxe4 29. fxg5 hxg5 30. Re1 Ne8 31. Rxe4 Nf6 32. Re3 Qh5 33. Re6
Ng4 34. Nb5 Qh2+ 35. Kf1 Qh1+ 36. Ke2 Qxg2+ 37. Kd3 Ne5+ 38. Kc3 Qe2 39. Nxd6
Qd3# 0-1

[Event "C.to Provinciale MO 2011"]
[Site "Modena ITA"]
[Date "2010.12.11"]
[Round "3"]
[White "Venturelli, Sara"]
[Black "Wang, Cesare"]
[Result "1-0"]
[WhiteElo "1455"]
[BlackElo "1488"]
[PlyCount "43"]
[EventDate "2010.12.10"]

1. e4 e5 2. Nf3 Nc6 3. Bc4 Bc5 4. Nc3 d6 5. d3 h6 6. h3 Nf6 7. O-O O-O 8. Be3
Bb6 9. d4 Be6 10. d5 Bxd5 11. Bxd5 Re8 12. Qd2 Bxe3 13. fxe3 Rb8 14. a3 Ne7 15.
Rad1 c6 16. Bb3 Qd7 17. Nxe5 dxe5 18. Qxd7 Nxd7 19. Rxd7 Kh8 20. Rxf7 Ng6 21.
Rxg7 Rf8 22. Rh7# 1-0

[Event "C.to Provinciale MO 2011"]
[Site "Modena ITA"]
[Date "2010.12.11"]
[Round "3"]
[White "Verrelli, Adriano"]
[Black "Castelli, Antonio"]
[Result "0-1"]
[WhiteElo "1911"]
[BlackElo "1703"]
[PlyCount "132"]
[EventDate "2010.12.10"]

1. e4 e5 2. Nf3 Nf6 3. Nxe5 d6 4. Nf3 Nxe4 5. Qe2 Qe7 6. d4 Bg4 7. Nbd2 Nxd2 8.
Qxe7+ Bxe7 9. Nxd2 O-O 10. Bd3 Bf6 11. Nb3 Re8+ 12. Be3 Bg5 13. Kd2 Bxe3+ 14.
fxe3 Nd7 15. c4 Re7 16. Rhe1 Rae8 17. Na5 Nf6 18. b3 Bc8 19. h3 Ne4+ 20. Bxe4
Rxe4 21. Rac1 a6 22. c5 dxc5 23. dxc5 Rd8+ 24. Ke2 Re5 25. b4 f5 26. Kf2 Kf7
27. Nb3 Be6 28. Rc3 Bxb3 29. Rxb3 Red5 30. Kf3 Kf6 31. a3 Ke5 32. Rc1 Rd3 33.
Rcc3 Rxc3 34. Rxc3 Rd2 35. a4 h5 36. Rc4 g5 37. a5 Kd5 38. Rc3 Kc6 39. g3 Kb5
40. c6 b6 41. axb6 Kxb6 42. Rc5 g4+ 43. hxg4 hxg4+ 44. Kf4 Rf2+ 45. Kg5 Rf3 46.
Rxf5 Rxe3 47. Kxg4 Kxc6 48. Kf4 Rb3 49. Rc5+ Kd6 50. Rc4 Kd5 51. Rc5+ Kd6 52.
Rc4 Kd5 53. Rxc7 Rxb4+ 54. Kf5 Rb5 55. Rc8 Kd6+ 56. Kf6 Rb6 57. Rc1 a5 58. g4
a4 59. g5 a3 60. g6 a2 61. g7 Rb1 62. g8=Q a1=Q+ 63. Kf5 Qe5+ 64. Kg4 Qe4+ 65.
Kh5 Qe2+ 66. Kh4 Qh2+ 0-1

[Event "C.to Provinciale MO 2011"]
[Site "Modena ITA"]
[Date "2010.12.11"]
[Round "3"]
[White "Vezzelli, Francesco"]
[Black "Carbone, Jacopo"]
[Result "1-0"]
[WhiteElo "1904"]
[BlackElo "1392"]
[PlyCount "31"]
[EventDate "2010.12.10"]

1. e4 e5 2. Nf3 Nc6 3. Bc4 Bc5 4. c3 d6 5. d3 Nf6 6. Nbd2 Bg4 7. Nf1 O-O 8. Ng3
Re8 9. h3 Bxf3 10. Qxf3 h6 11. O-O Ne7 12. Bxh6 Ng6 13. Qf5 gxh6 14. Qxg6+ Kh8
15. Qxh6+ Kg8 16. Nf5 1-0

[Event "C.to Provinciale MO 2011"]
[Site "Modena ITA"]
[Date "2010.12.11"]
[Round "4"]
[White "Ballista, Massimiliano"]
[Black "Verrelli, Adriano"]
[Result "0-1"]
[WhiteElo "1613"]
[BlackElo "1911"]
[PlyCount "118"]
[EventDate "2010.12.10"]

1. e4 c6 2. d4 d5 3. exd5 cxd5 4. Bd3 Nc6 5. c3 Nf6 6. Nf3 Bg4 7. h3 Bh5 8. Bf4
e6 9. Nbd2 Bd6 10. Bxd6 Qxd6 11. O-O O-O 12. Re1 Rfe8 13. Qc2 Rac8 14. a3 Qf4
15. Rac1 Rc7 16. Qd1 Rec8 17. Qe2 Nxd4 18. Qe3 Qxe3 19. Rxe3 Nxf3+ 20. Nxf3 Nd7
21. Rce1 Bxf3 22. Rxf3 e5 23. Bb1 e4 24. Rf5 Nf6 25. Rd1 Rd8 26. Re5 Rcd7 27.
g4 h6 28. Ba2 Kf8 29. Kg2 d4 30. cxd4 Rxd4 31. Re1 Re8 32. Rxe8+ Kxe8 33. f3
Rd2+ 34. Kg3 Rxb2 35. Bc4 Rc2 36. Bd3 Rc3 37. Bxe4 Nxe4+ 38. Rxe4+ Kd7 39. Rb4
Kc6 40. a4 a6 41. Kf4 b5 42. axb5+ axb5 43. Rb1 Kc5 44. Ke4 b4 45. h4 b3 46. f4
Kc4 47. g5 hxg5 48. fxg5 Rh3 49. Rc1+ Kb4 50. Rc7 Rxh4+ 51. Ke5 f6+ 52. gxf6
gxf6+ 53. Kxf6 b2 54. Ke5 Ka3 55. Ra7+ Ra4 56. Rb7 Rb4 57. Ra7+ Kb3 58. Rh7
b1=Q 59. Rh3+ Ka4 0-1

[Event "C.to Provinciale MO 2011"]
[Site "Modena ITA"]
[Date "2010.12.11"]
[Round "4"]
[White "Carbone, Jacopo"]
[Black "Degli Esposti, Eugenio"]
[Result "0-1"]
[WhiteElo "1392"]
[BlackElo "1461"]
[PlyCount "108"]
[EventDate "2010.12.10"]

1. e4 e5 2. Nf3 Nc6 3. Bc4 Bc5 4. d3 d6 5. Ng5 Nh6 6. h3 Qf6 7. O-O O-O 8. Qf3
Qxf3 9. Nxf3 Kh8 10. Bxh6 gxh6 11. Nc3 Ne7 12. Ne2 f5 13. exf5 Bxf5 14. Ng3
Bxh3 15. gxh3 Rxf3 16. Kg2 Raf8 17. Ne4 Bb6 18. Be6 d5 19. Nc3 Rxf2+ 20. Rxf2
Rxf2+ 21. Kg1 Rf6+ 22. Kh1 Rxe6 23. Rf1 Kg7 24. Nb5 c6 25. Nc3 Rf6 26. Rxf6
Kxf6 27. Ne2 Kg5 28. Kh2 Nf5 29. c4 dxc4 30. dxc4 Nd4 31. Ng3 Nf3+ 32. Kg2 Ng1
33. b4 Bd4 34. a4 h5 35. Ne4+ Kh4 36. b5 cxb5 37. cxb5 Nxh3 38. Nd6 Nf4+ 39.
Kh2 a6 40. Nxb7 axb5 41. axb5 e4 42. Nd6 Kg4 43. Nxe4 Nd5 44. Kg2 Nc7 45. b6
Na6 46. b7 h4 47. Kh2 Be5+ 48. Kg2 h3+ 49. Kh1 h2 50. Nf2+ Kf3 51. Nh3 Kg3 52.
Ng5 Nc5 53. Nxh7 Ne4 54. b8=Q Nf2# 0-1

[Event "C.to Provinciale MO 2011"]
[Site "Modena ITA"]
[Date "2010.12.11"]
[Round "4"]
[White "Castelli, Antonio"]
[Black "Franchini, Gabriele"]
[Result "0-1"]
[WhiteElo "1703"]
[BlackElo "2159"]
[PlyCount "106"]
[EventDate "2010.12.10"]

1. e4 e6 2. f4 c5 3. Nf3 Nc6 4. Nc3 a6 5. Be2 b5 6. O-O Bb7 7. d3 d6 8. Be3 Be7
9. f5 exf5 10. exf5 Nf6 11. Qd2 O-O 12. Rae1 Nb4 13. a3 Nbd5 14. Nxd5 Nxd5 15.
c4 Nxe3 16. Qxe3 Bf6 17. Qd2 d5 18. b4 dxc4 19. dxc4 Qxd2 20. Nxd2 cxb4 21.
axb4 Bc3 22. Rd1 bxc4 23. Kh1 Bxb4 24. Nxc4 a5 25. Nb6 Rad8 26. f6 Rxd1 27.
Rxd1 Re8 28. Bb5 Re1+ 29. Rxe1 Bxe1 30. fxg7 Bc3 31. Nc4 Kxg7 32. Kg1 Kf6 33.
Kf2 Ke6 34. g3 Kd5 35. Na3 Kd4 36. Be8 f6 37. Nb5+ Kd3 38. Nxc3 Kxc3 39. Ke3
Kb4 40. Kd3 a4 41. h4 Bd5 42. Kc2 Be4+ 43. Kb2 a3+ 44. Ka1 Bd5 45. Bd7 Kc3 46.
h5 h6 47. g4 Kd4 48. Bf5 Ke5 49. Bg6 Kf4 50. Bf5 Kg5 51. Kb1 Bf3 52. Ka2 Bxg4
53. Bxg4 Kxg4 0-1

[Event "C.to Provinciale MO 2011"]
[Site "Modena ITA"]
[Date "2010.12.11"]
[Round "4"]
[White "De Biaggi, Paolo"]
[Black "Ferraguti, Francesco"]
[Result "1/2-1/2"]
[WhiteElo "1884"]
[BlackElo "1790"]
[PlyCount "85"]
[EventDate "2010.12.10"]

1. e4 e5 2. Nf3 Nf6 3. Nxe5 d6 4. Nf3 Nxe4 5. d4 d5 6. Bd3 Be7 7. O-O Nf6 8.
Re1 O-O 9. Bg5 Be6 10. c3 Re8 11. Nbd2 Nbd7 12. Ne5 Nxe5 13. dxe5 Nd7 14. Bxe7
Qxe7 15. f4 g6 16. Nf3 Nf8 17. Qe2 Rad8 18. Qf2 c5 19. Rad1 a6 20. Qg3 Qd7 21.
Qh4 Bf5 22. Bf1 h5 23. h3 Nh7 24. Nh2 Qe7 25. Qxe7 Rxe7 26. g4 hxg4 27. hxg4
Bc8 28. g5 Be6 29. Kf2 Kg7 30. Kg3 Red7 31. Bh3 Bxh3 32. Kxh3 d4 33. cxd4 Rxd4
34. Rxd4 Rxd4 35. Kg4 Nf8 36. Re2 Ne6 37. Rf2 Kf8 38. Kg3 Rd3+ 39. Nf3 Nd4 40.
Kg4 Nxf3 41. Rxf3 Rxf3 42. Kxf3 Ke7 43. Ke3 1/2-1/2

[Event "C.to Provinciale MO 2011"]
[Site "Modena ITA"]
[Date "2010.12.11"]
[Round "4"]
[White "Di Trapani, Luigi"]
[Black "Molinari, Enzo"]
[Result "0-1"]
[WhiteElo "1610"]
[BlackElo "1422"]
[PlyCount "92"]
[EventDate "2010.12.10"]

1. d4 Nf6 2. Nf3 d5 3. e3 Bf5 4. c4 e6 5. Be2 c5 6. cxd5 Nxd5 7. Qa4+ Nc6 8. a3
Qa5+ 9. Qxa5 Nxa5 10. Bb5+ Kd8 11. Nbd2 a6 12. Be2 Nf6 13. O-O cxd4 14. Nxd4
Bg6 15. Bf3 Rc8 16. b4 Nc6 17. Nxc6+ bxc6 18. Nb3 Bd6 19. Na5 Be4 20. Be2 Ra8
21. f3 Bc2 22. Nxc6+ Kc7 23. Na5 Rhd8 24. Bb2 Ba4 25. Bd1 Bb5 26. Rf2 h5 27.
Rc1+ Kd7 28. a4 Bxb4 29. axb5 Bxa5 30. bxa6 Ne8 31. Ba4+ Ke7 32. Ba3+ Kf6 33.
Rb2 Rxa6 34. Rb7 Kg6 35. Bc2+ f5 36. Rcb1 Bd2 37. Bc1 Rad6 38. Kf2 Bxc1 39.
Rxc1 Rd2+ 40. Kg3 Nf6 41. e4 h4+ 42. Kh3 Nh5 43. exf5+ exf5 44. Kxh4 Rxg2 45.
Rb6+ Nf6 46. Rh1 Rh8# 0-1

[Event "C.to Provinciale MO 2011"]
[Site "Modena ITA"]
[Date "2010.12.11"]
[Round "4"]
[White "Dionigi, Riccardo"]
[Black "Megli, Massimo"]
[Result "1-0"]
[WhiteElo "1809"]
[BlackElo "1684"]
[PlyCount "103"]
[EventDate "2010.12.10"]

1. d4 Nf6 2. c4 g6 3. Nc3 Bg7 4. e4 d6 5. f3 O-O 6. Be3 Nbd7 7. Nge2 c5 8. Ng3
cxd4 9. Bxd4 b6 10. Be2 Ba6 11. O-O Ne5 12. Bxe5 dxe5 13. Qxd8 Rfxd8 14. Rfd1
Nd7 15. Nd5 Rac8 16. Nxe7+ Kf8 17. Nxc8 Bxc8 18. Rd6 Bh6 19. Kf2 Bg5 20. Rad1
Be7 21. R6d5 f6 22. a3 Bc5+ 23. Ke1 Bd4 24. b4 Bb7 25. R5xd4 exd4 26. Rxd4 Ke7
27. Nf1 Rc8 28. f4 Nf8 29. Bg4 Ne6 30. Bxe6 Kxe6 31. Ne3 Rc7 32. g3 g5 33. Nd5
Rg7 34. Kf2 gxf4 35. gxf4 f5 36. e5 h5 37. Ne3 h4 38. Rd6+ Kf7 39. Rd7+ Kg6 40.
Rxg7+ Kxg7 41. Nxf5+ Kg6 42. Nxh4+ Kh5 43. Kg3 a5 44. bxa5 bxa5 45. c5 Be4 46.
f5 Kg5 47. e6 Kf6 48. Kf4 Bc6 49. Ng6 Bb5 50. Ne5 Ba4 51. Nd7+ Ke7 52. Ke5 1-0